000 00563nab a2200157Ia 4500
003 ES-SlBCS
005 20210601125220.0
008 140529s1976 xxu||||| |||| 00| 0 eng d
041 _aeng
100 1 _aGoldstick, Dan
_9138703
245 0 0 _aActivism and Scientism in the Interpretation of Karl Marx's First and Third Theses on Feuerbach
_c Dan Goldstick, Frank Cunningham
600 1 4 _aMarx, Karl
_d, 1818-1883
_994285
700 1 _aCunningham, Frank
_9135389
773 0 _tPhilosophical Forum (The)
_gvol. 8, nº. 2-4, 1976, págs. 269-287
_wRev833
942 _cAR
999 _c526630
_d526630